Top Goalscorer in Each Year of the Champions League From Scandinavia - Statistics

General Stats
  • This quiz has been taken 38 times
  • The average score is 11 of 44
Answer Stats
Answer % Correct
Erling Haaland
100%
Zlatan Ibrahimović
100%
Christian Eriksen
94%
Freddie Ljungberg
74%
Ole Gunnar Solskjær
74%
Eiður Guðjohnsen
69%
Brian Laudrup
66%
Michael Laudrup
66%
Emil Forsberg
63%
Jari Litmanen
54%
Nicklas Bendtner
54%
John Carew
40%
Arnór Sigurðsson
31%
Tore André Flo
31%
Markus Rosenberg
17%
Mohamed Elyounoussi
17%
Harald Brattbakk
11%
Lasse Schöne
11%
Nicolai Jørgensen
11%
Rune Bratseth
9%
Frode Johnsen
6%
Jeppe Curth
6%
Marcus Allbäck
6%
Peter Løvenkrands
6%
Roar Strand
6%
Rune Lange
6%
Sigurd Rushfeldt
6%
Tore André Dahlum
6%
Bengt Sæternes
3%
Christian Wilhelmsson
3%
Dick Lidman
3%
Johnny Ekström
3%
Kalle Løken
3%
Kim Mikkelsen
3%
Lars Højer
3%
Magnus Erlingmark
3%
Martin Johansen
3%
Mathias Jørgensen "Zanka"
3%
Ólafur Þórðarson
3%
Øyvind Leonhardsen
3%
Peter Møller
3%
Rune Tangen
3%
Thorstein Helstad
3%
Trond Soltvedt
3%
No matching quizzes found
Score Distribution
Percent of People with Each Score
Percentile by Number Answered
Your Score History
You have not taken this quiz